| 000 | 01055nam a2200277 i 4500 | ||
|---|---|---|---|
| 003 | DO-SdBNP | ||
| 005 | 20241129062218.0 | ||
| 006 | a||||gr|||| 00| 0 | ||
| 007 | ta | ||
| 008 | 240520e1994 dr ||||| |||| 00| 0 spa d | ||
| 040 |
_aDO-SdBNP _bspa _cBNPHU _erda |
||
| 082 | 4 |
_222 _bF825p |
|
| 100 | 1 |
_aFranco, Franklin J., _d1936- _934417 _eautor |
|
| 245 | 1 | 0 |
_aPapel de los africanos y los negros y mulatos criollos en el marco de la independencia nacional / _cFranklin Franco Pichardo |
| 264 | 1 |
_aSanto Domigo : _bno identificado, _c1994 |
|
| 300 |
_a18 páginas ; _c21 cm. |
||
| 336 |
_2rdacontent _atexto _btxt |
||
| 337 |
_2rdamedia _asin mediación _bn |
||
| 338 |
_2rdacarrier _avolumen _bnc |
||
| 500 | _aPonencia presentada ante el Congreso de Historiadores, 150 Aniversario de la Independecia Nacional 18 de febrero de 1984. | ||
| 590 | _aInventariado 2024 / MF | ||
| 650 | 4 |
_aNegros _xVida Social y Costumbres _y 1822 -1844 _zRepública Dominicana _940538 |
|
| 650 | 4 |
_aAfricanos _zRepública Dominicana _940536 |
|
| 910 | _aMF | ||
| 942 |
_2ddc _cLF2 |
||
| 999 |
_c56702 _d56702 |
||